NRJ Music Awards 2018 - Les gagnants - Statistiques

Statistiques générales
  • Ce quiz a été pris 6 fois
  • Le résultat moyen est 1 sur 15
Statistiques - réponses
Hint Réponse % Correct
DJ de l'année DJ Snake
50%
Groupe/duo francophone Bigflo et Oli
33%
Artiste féminine internationale Ariana Grande
17%
Révélation internationale Camila Cabello
17%
Artiste féminine francophone Jain
17%
Révélation francophone Dadju
0%
Clip de l'année Demain (Bigflo et Oli)
0%
Award d'honneur (Féminim) Dua Lipa
0%
Artiste masculin international Ed Sheeran
0%
Chanson internationale Girls Like You (Maroon 5)
0%
Groupe/duo internationale Imagine Dragons
0%
Award d'honneur (Groupe) Muse
0%
Chanson francophone Pour oublier (Kendji Girac)
0%
Award d'honneur (Masculin) Shawn Mendes
0%
Artiste masculin francophone Soprano
0%
Aucun quiz correspondant
Distribution des résultats
% des personnes avec chaque résultat
Percentile par nombre de réponses
Votre historique - résultats
Vous n’avez pas pris ce quiz